La reincidencia / (Record no. 19923)

MARC details
000 -LEADER
campo de control de longitud fija 00897nam a2200217 i 4500
001 - NÚMERO DE CONTROL
campo de control 19923
003 - IDENTIFICADOR DE NÚMERO DE CONTROL
campo de control ES-MaACL
005 - FECHA Y HORA DE LA ÚLTIMA TRANSACCIÓN
campo de control 20240525062941.0
007 - CAMPO FIJO DE DESCRIPCIÓN FÍSICA--INFORMACIÓN GENERAL
campo de control de longitud fija t|
008 - DATOS DE LONGITUD FIJA--INFORMACIÓN GENERAL
campo de control de longitud fija 021031s1873 sp |||| | spa d
100 1# - ENTRADA PRINCIPAL--NOMBRE DE PERSONA
Nombre de persona Armengol y Cornet, Pedro,
Fechas asociadas al nombre 1837-1896
9 (RLIN) 22949
245 13 - MENCIÓN DEL TÍTULO
Título La reincidencia /
Mención de responsabilidad, etc. por Pedro Armengol y Cornet.
260 ## - PUBLICACIÓN, DISTRIBUCIÓN, ETC.
Lugar de publicación, distribución, etc. Barcelona :
Nombre del editor, distribuidor, etc. [s.n.],
Fecha de publicación, distribución, etc. 1873 (
Fabricante Estab. tip. de Jaime Jepús)
300 ## - DESCRIPCIÓN FÍSICA
Extensión 214 p., [1] h. pleg. ;
Dimensiones 25 cm.
530 ## - NOTA DISPONIBLE DE FORMULARIO FÍSICO ADICIONAL
Nota de formato físico adicional disponible Disponible en formato digital.
594 ## - Nota al título y mención de responsabilidad
Nota al título y mención de responsabilidad Precede al tít.: Estudios penitenciarios.
650 14 - PUNTO DE ACCESO ADICIONAL DE MATERIA--TÉRMINO DE MATERIA
Término de materia o nombre geográfico como elemento de entrada Reincidencia.
9 (RLIN) 16775
852 ## - LOCALIZACIÓN
Ubicación ES-MaACL
Número de control de estantería D-111(2)
Nota libre - Encuadernado en vol. facticio, en el lomo: Estudios penitenciarios, La reincidencia
-- . - Donativo Lastres
856 ## - LOCALIZACIÓN Y ACCESO ELECTRÓNICOS
Identificador Uniforme de Recursos <a href="https://bvpb.mcu.es/es/consulta/registro.do?id=577785 ">https://bvpb.mcu.es/es/consulta/registro.do?id=577785 </a>
Nota pública Biblioteca Virtual del Patrimonio Bibliográfico
Holdings
Estatus retirado Estado de pérdida Estado de daño No para préstamo Colección Biblioteca de origen Biblioteca actual Ubicación en estantería Fecha de adquisición Fuente de adquisición Total de préstamos Signatura topográfica completa Código de barras Visto por última vez Precio de reemplazo Tipo de ítem Koha
        Colección digital Biblioteca del Ateneo de Madrid Biblioteca del Ateneo de Madrid Sala Valle Inclán 17/01/2008     D-111(2) 901020407 23/02/2023 23/02/2023 Libro impreso antiguo